| 000 | 00829nam a2200205Ii 4500 | ||
|---|---|---|---|
| 003 | JO-AjNU | ||
| 008 | 230605s9999||||xx |||||||||||||| ||und|| | ||
| 040 |
_aJO-AjNU _bara _erda _cJO-AjNU |
||
| 041 | _aara | ||
| 050 | 1 | 4 | _aBP166.5.A8238 2005 |
| 100 | 3 |
_aالأسعد، حسام سليمان, _eauthor _913022 |
|
| 245 | 0 | 0 | _aنبوءات الرسول صلى الله عليه وسلم : أشراط الساعة وما حصل منها للآن وما لم يحصل |
| 250 | _aط1 | ||
| 264 | 3 | 1 | _aعمان: دار النفائس للنشر والتوزيع، 2005 |
| 300 | _a199ص | ||
| 336 |
_atext _btxt _2rdacontent |
||
| 337 |
_aunmediated _bn _2rdamedia |
||
| 338 |
_avolume _bnc _2rdacarrier |
||
| 650 | 4 |
_aعلامات الساعة- يوم القيامة- معجزات النبي صلى الله عليه وسلم _913023 |
|
| 999 |
_aA3132 _c6700 _d6700 |
||